000 00622cam a2200181 a 4500
020 _a088936706X
040 _cDJBF
082 _a494 IDR 1994 C141 Co.
245 0 0 _aCities feeding people :
_ban examination of urban agriculture in east Africa /
260 _aOttawa :
_bInternational Development Research Centre,
_cc1994.
300 _axiv, 146 p. :
_bill. ;
_c22 cm.
650 0 _aUrban agriculture
650 0 _aFood supply
700 1 _aEgziabher, Axumite G.
710 2 _aInternational Development Research Centre (Canada)
856 4 2 _uhttp://www.loc.gov/catdir/enhancements/fy1411/95175677-d.html
942 _cEK
999 _c18271
_d18271